[Event "DRUGA LIGA CENTRALNE SRBIJE - ISTOK 2017"]
[Site "Srebrno jezero"]
[Date "2017.09.08"]
[Round "1.4"]
[White "Miljkovic, Mihajlo"]
[Black "Djokic, Nebojsa"]
[Result "1/2-1/2"]
[WhiteElo "2267"]
[BlackElo "2209"]
[PlyCount "27"]
[EventDate "2017.09.08"]

1. d4 Nf6 2. c4 g6 3. Nc3 Bg7 4. e4 d6 5. f4 O-O 6. Nf3 c5 7. d5 e6 8. Be2 exd5
9. cxd5 Re8 10. e5 dxe5 11. fxe5 Ng4 12. e6 fxe6 13. d6 Bd7 14. Ng5 1/2-1/2

[Event "DRUGA LIGA CENTRALNE SRBIJE - ISTOK 2017"]
[Site "Srebrno jezero"]
[Date "2017.09.08"]
[Round "1.4"]
[White "Dmitrovic, Tomislav"]
[Black "Pavlovic, Goran"]
[Result "1/2-1/2"]
[WhiteElo "2273"]
[BlackElo "2367"]
[PlyCount "25"]
[EventDate "2017.09.08"]

1. d4 d5 2. Bg5 h6 3. Bh4 c6 4. e3 Qb6 5. Qc1 e5 6. Nf3 e4 7. Nfd2 Be6 8. Be2
Ne7 9. c4 Nf5 10. Bg3 Nxg3 11. hxg3 Be7 12. Nc3 O-O 13. c5 1/2-1/2

[Event "DRUGA LIGA CENTRALNE SRBIJE - ISTOK 2017"]
[Site "Srebrno jezero"]
[Date "2017.09.08"]
[Round "1.6"]
[White "Ivanovic, Zoran M"]
[Black "Krstic, Ranko"]
[Result "1/2-1/2"]
[WhiteElo "2030"]
[BlackElo "2179"]
[PlyCount "28"]
[EventDate "2017.09.08"]

1. e4 c5 2. Nf3 g6 3. d4 cxd4 4. Nxd4 Nf6 5. Nc3 d6 6. Bc4 Bg7 7. O-O O-O 8.
Be3 Nc6 9. h3 Nxe4 10. Nxe4 d5 11. Nxc6 bxc6 12. Bd3 dxe4 13. Bxe4 Qc7 14. c3
Be6 1/2-1/2

[Event "DRUGA LIGA CENTRALNE SRBIJE - ISTOK 2017"]
[Site "Srebrno jezero"]
[Date "2017.09.08"]
[Round "1.4"]
[White "Petrovic, Tijana"]
[Black "Blazic, Ivica"]
[Result "1/2-1/2"]
[WhiteElo "1797"]
[BlackElo "2046"]
[PlyCount "57"]
[EventDate "2017.09.08"]

1. e4 e5 2. Nf3 Nc6 3. Bb5 Bc5 4. c3 f5 5. d4 fxe4 6. Bxc6 dxc6 7. Nxe5 Bd6 8.
Qh5+ g6 9. Qe2 Bf5 10. g4 Be6 11. Nd2 Bxe5 12. dxe5 Qd3 13. Qxe4 Qxe4+ 14. Nxe4
Bxg4 15. O-O O-O-O 16. Bg5 Re8 17. Bf6 Nxf6 18. Nxf6 Bh3 19. Nxe8 Bxf1 20. Kxf1
Rxe8 21. Re1 Kd7 22. Kg2 Ke6 23. f4 Rd8 24. Kf2 Rd3 25. Re3 Rd2+ 26. Re2 Rd3
27. Re3 Rd2+ 28. Re2 Rd3 29. Re3 1/2-1/2

[Event "DRUGA LIGA CENTRALNE SRBIJE - ISTOK 2017"]
[Site "Srebrno jezero"]
[Date "2017.09.08"]
[Round "1.4"]
[White "Ilic, Aleksandar"]
[Black "Stojiljkovic, Stefan"]
[Result "1-0"]
[WhiteElo "2072"]
[BlackElo "2184"]
[PlyCount "77"]
[EventDate "2017.09.08"]

1. e4 c6 2. c4 d5 3. cxd5 cxd5 4. exd5 Nf6 5. Bb5+ Bd7 6. Bc4 Qc7 7. d3 b5 8.
Bb3 Bg4 9. f3 Bf5 10. Nc3 a6 11. Ne4 Nbd7 12. Bg5 Qa5+ 13. Qd2 Qxd2+ 14. Bxd2
Nb6 15. Nxf6+ exf6 16. Be3 Bb4+ 17. Kf2 Nd7 18. a3 Bd6 19. d4 Nb6 20. Rc1 O-O
21. Rc6 Nc8 22. Ne2 Bd7 23. Rcc1 Re8 24. Nf4 Nb6 25. Nd3 Rad8 26. Bf4 Bf5 27.
Bxd6 Rxd6 28. Nb4 a5 29. Rc6 Red8 30. Rxd6 Rxd6 31. Nc6 Bd3 32. Nxa5 Bc4 33.
Bxc4 bxc4 34. Rc1 Rxd5 35. Nxc4 Nd7 36. Rd1 f5 37. b4 g5 38. a4 g4 39. Ne3 1-0

[Event "DRUGA LIGA CENTRALNE SRBIJE - ISTOK 2017"]
[Site "Srebrno jezero"]
[Date "2017.09.08"]
[Round "1.4"]
[White "Arsic, Djordje"]
[Black "Petrovic, Tamara"]
[Result "1-0"]
[WhiteElo "2137"]
[BlackElo "1862"]
[PlyCount "93"]
[EventDate "2017.09.08"]

1. e4 c5 2. Nf3 d6 3. Bb5+ Bd7 4. c4 g6 5. d4 Bxb5 6. cxb5 Nd7 7. Nc3 Bg7 8.
O-O cxd4 9. Nxd4 Ngf6 10. Be3 O-O 11. a4 Ne5 12. f3 Rc8 13. Qe2 Nc4 14. Bf2 Qc7
15. Rfc1 Bh6 16. Rc2 e5 17. b6 axb6 18. Ncb5 Qd7 19. Rxc4 exd4 20. Rxd4 Bf4 21.
Rad1 Be5 22. R4d3 Rc6 23. Na7 Rc4 24. b3 Rc3 25. Rxc3 Bxc3 26. Bxb6 Qe6 27. Qc2
Be5 28. Bf2 d5 29. exd5 Nxd5 30. Qc4 Nf4 31. Qxe6 Nxe6 32. g3 Rd8 33. Rxd8+
Nxd8 34. f4 Bc3 35. Nb5 Bb4 36. Kf1 Kf8 37. Ke2 Ke7 38. Kd3 Nc6 39. Kc4 Bd2 40.
Bc5+ Kd7 41. b4 b6 42. Bxb6 Bxb4 43. Nd4 Nxd4 44. Kxd4 Kc6 45. a5 Kb5 46. Ke5
Bc3+ 47. Kd6 1-0

[Event "DRUGA LIGA CENTRALNE SRBIJE - ISTOK 2017"]
[Site "Srebrno jezero"]
[Date "2017.09.08"]
[Round "1.4"]
[White "Dinev, Dejan"]
[Black "Markovic, Marko"]
[Result "1-0"]
[WhiteElo "2271"]
[BlackElo "2227"]
[PlyCount "79"]
[EventDate "2017.09.08"]

1. d4 d5 2. Nf3 Nf6 3. e3 e6 4. Bd3 c5 5. O-O Nc6 6. c3 Bd6 7. Nbd2 O-O 8. h3
e5 9. dxc5 Bxc5 10. e4 h6 11. b4 Bb6 12. b5 Na5 13. Bc2 Re8 14. Qe2 Qc7 15. Bb2
Be6 16. Rfe1 d4 17. Nb1 Rac8 18. Bd3 Nc4 19. cxd4 Nxb2 20. Qxb2 exd4 21. a4 Qf4
22. a5 Bc5 23. e5 Bd5 24. Qd2 Nh5 25. Be4 Red8 26. g3 Qxd2 27. Nbxd2 Bb4 28. a6
b6 29. Rac1 Bc3 30. Bxd5 Rxd5 31. Re4 f5 32. Rxd4 Rdc5 33. Rd7 Bxd2 34. Rxc5
Rxc5 35. Nxd2 Rxb5 36. Rxa7 Rxe5 37. Rb7 Ra5 38. a7 Kh7 39. Nc4 Ra1+ 40. Kg2
1-0

[Event "DRUGA LIGA CENTRALNE SRBIJE - ISTOK 2017"]
[Site "Srebrno jezero"]
[Date "2017.09.08"]
[Round "1.4"]
[White "Djukic, Slobodan D"]
[Black "Terzic, Goran"]
[Result "0-1"]
[WhiteElo "2176"]
[BlackElo "2217"]
[PlyCount "95"]
[EventDate "2017.09.08"]

1. d4 Nc6 2. Nf3 d6 3. e4 Nf6 4. Nc3 Bg4 5. Be3 e5 6. d5 Nb8 7. h3 Bh5 8. g4
Bg6 9. Nd2 Be7 10. Bg2 Nfd7 11. Nc4 h6 12. Qd2 Bg5 13. O-O-O a5 14. a4 Na6 15.
b3 Nb4 16. Kb2 Nc5 17. f3 O-O 18. h4 Bxe3 19. Qxe3 f6 20. Bf1 Be8 21. Be2 Kh7
22. f4 exf4 23. Qxf4 Nd7 24. Ne3 Qe7 25. Nb5 Na6 26. c3 Ndc5 27. Nd4 Bg6 28.
Ne6 Nxe6 29. dxe6 Qxe6 30. Nf5 Nc5 31. Bc4 Qxe4 32. Qxe4 Nxe4 33. Rhf1 Rfe8 34.
Nd4 Nc5 35. Nb5 Re7 36. Rfe1 Rae8 37. Rxe7 Rxe7 38. Ka3 Be8 39. Nd4 Re3 40. Kb2
Bd7 41. Rg1 c6 42. g5 d5 43. gxf6 gxf6 44. Be2 Ne6 45. Bh5 Nf4 46. Bd1 c5 47.
Nc2 Rh3 48. Re1 0-1

[Event "DRUGA LIGA CENTRALNE SRBIJE - ISTOK 2017"]
[Site "Srebrno jezero"]
[Date "2017.09.08"]
[Round "1.4"]
[White "Raicevic, Ivica"]
[Black "Madjar, Stanislav"]
[Result "1-0"]
[WhiteElo "2174"]
[BlackElo "2176"]
[PlyCount "83"]
[EventDate "2017.09.08"]

1. c4 Nf6 2. Nc3 c5 3. e4 Nc6 4. g3 g6 5. Bg2 Bg7 6. Nge2 O-O 7. d3 Ne8 8. Be3
d6 9. O-O Nc7 10. d4 cxd4 11. Nxd4 Ne6 12. Nxe6 Bxe6 13. Nd5 Qd7 14. Qd2 Bh3
15. Bh6 Bxg2 16. Kxg2 Rac8 17. Bxg7 Kxg7 18. Rad1 Rfe8 19. f4 Qe6 20. Rde1 f6
21. b4 b6 22. a3 Rf8 23. Qd3 Qd7 24. Rd1 Qb7 25. h4 Qd7 26. Qf3 Qe6 27. h5 Qf7
28. Rh1 e6 29. Ne3 Rcd8 30. e5 Qc7 31. hxg6 hxg6 32. exf6+ Rxf6 33. Ng4 Rf5 34.
Qc3+ e5 35. Ne3 Rff8 36. Nd5 Qb7 37. b5 Ne7 38. fxe5 Nxd5 39. Rxd5 dxe5 40.
Qxe5+ Rf6 41. Rf1 Rdf8 42. g4 1-0

[Event "DRUGA LIGA CENTRALNE SRBIJE - ISTOK 2017"]
[Site "Srebrno jezero"]
[Date "2017.09.08"]
[Round "1.5"]
[White "Urosevic, Goran"]
[Black "Pezelj, Sinisa"]
[Result "0-1"]
[WhiteElo "2267"]
[BlackElo "2273"]
[PlyCount "54"]
[EventDate "2017.09.08"]

1. e4 g6 2. d4 Bg7 3. Nc3 d5 4. exd5 Nf6 5. Bc4 Nbd7 6. Bb3 Nb6 7. Qf3 Bg4 8.
Qg3 Bf5 9. Nf3 Nbxd5 10. Nxd5 Nxd5 11. c3 O-O 12. h4 Nf6 13. h5 Nxh5 14. Rxh5
gxh5 15. Nh4 e6 16. Bg5 Qd6 17. Bf4 Qa6 18. Be5 Bg6 19. Bc2 Bxe5 20. dxe5 Qc4
21. f4 Kh8 22. f5 exf5 23. Qg5 Qe6 24. O-O-O Qxe5 25. Nf3 f6 26. Qd2 Qg3 27.
Nd4 Qg5 0-1

[Event "DRUGA LIGA CENTRALNE SRBIJE - ISTOK 2017"]
[Site "Srebrno jezero"]
[Date "2017.09.08"]
[Round "1.5"]
[White "Bura, Goran"]
[Black "Cvetkovic, Nemanja"]
[Result "1/2-1/2"]
[WhiteElo "2231"]
[BlackElo "2253"]
[PlyCount "104"]
[EventDate "2017.09.08"]

1. c4 e6 2. Nf3 Nf6 3. g3 d5 4. Bg2 Be7 5. O-O O-O 6. d4 dxc4 7. Qc2 b5 8. a4
b4 9. Ne5 Qxd4 10. Bxa8 Qxe5 11. Bg2 Nd5 12. Qxc4 Ba6 13. Qe4 Nc6 14. Qxe5 Nxe5
15. Re1 b3 16. Bd2 Nc4 17. Bxd5 exd5 18. Bc3 Rd8 19. e3 c5 20. Nd2 Nxd2 21.
Bxd2 Bd3 22. Bc3 Bc2 23. Kg2 f5 24. Re2 d4 25. exd4 Bf6 26. Rae1 cxd4 27. Ba5
Rd7 28. Re6 Kf7 29. f3 d3 30. Rxf6+ Kxf6 31. Bd2 Rc7 32. Kf2 Rc4 33. a5 g5 34.
h3 h6 35. Re8 Bd1 36. Ke3 Rc2 37. f4 gxf4+ 38. gxf4 Rxb2 39. Kxd3 Rc2 40. Rb8
Rc7 41. Bc3+ Kg6 42. Bd4 Bc2+ 43. Kd2 Kh5 44. Ra8 Be4 45. Rb8 Rc2+ 46. Ke3 Rh2
47. Be5 Rxh3+ 48. Kd4 Rd3+ 49. Kc4 Rd5 50. Bc3 Rd1 51. Kxb3 a6 52. Rb6 Bd3
1/2-1/2

[Event "DRUGA LIGA CENTRALNE SRBIJE - ISTOK 2017"]
[Site "Srebrno jezero"]
[Date "2017.09.08"]
[Round "1.5"]
[White "Gajovic, Dragan"]
[Black "Mickovic, Slavisa"]
[Result "1-0"]
[WhiteElo "2141"]
[BlackElo "2102"]
[PlyCount "65"]
[EventDate "2017.09.08"]

1. e4 c5 2. Nc3 b6 3. g3 Bb7 4. Bg2 Nf6 5. Nge2 e6 6. O-O d5 7. exd5 Nxd5 8.
Ne4 Nc6 9. d4 c4 10. b3 cxb3 11. axb3 Be7 12. Bb2 O-O 13. c4 Nf6 14. N4c3 Na5
15. Bh3 a6 16. Qc2 Nc6 17. Rfd1 Nb4 18. Qd2 Ne4 19. Nxe4 Bxe4 20. Bc3 a5 21.
Nf4 Qc7 22. Re1 Bb7 23. Nh5 Rfd8 24. Rxe6 fxe6 25. Bxe6+ Kh8 26. Nxg7 Bf6 27.
Nh5 Rf8 28. d5 Nxd5 29. Bxd5 Bxd5 30. Nxf6 Qf7 31. Nxd5+ Kg8 32. Qg5+ Qg6 33.
Ne7+ 1-0

[Event "DRUGA LIGA CENTRALNE SRBIJE - ISTOK 2017"]
[Site "Srebrno jezero"]
[Date "2017.09.08"]
[Round "1.5"]
[White "Njegic, Vladimir"]
[Black "Jakovljevic, Dejan"]
[Result "1/2-1/2"]
[WhiteElo "2133"]
[BlackElo "2064"]
[PlyCount "48"]
[EventDate "2017.09.08"]

1. e4 e6 2. d4 d5 3. e5 c5 4. f4 Nc6 5. Nf3 f6 6. a3 Qb6 7. Bd3 Be7 8. c3 a5 9.
b3 Nh6 10. Be3 Bd7 11. exf6 gxf6 12. Nbd2 O-O-O 13. b4 cxd4 14. Nxd4 Nxd4 15.
Bxd4 Qc7 16. Qh5 Ng4 17. bxa5 e5 18. Bb6 Qxc3 19. Ke2 Kb8 20. Rhc1 Qb2 21. Rcb1
Qc3 22. Rc1 Qb2 23. Rcb1 Qc3 24. Rc1 Qb2 1/2-1/2

[Event "DRUGA LIGA CENTRALNE SRBIJE - ISTOK 2017"]
[Site "Srebrno jezero"]
[Date "2017.09.08"]
[Round "1.5"]
[White "Golubovic, Marko"]
[Black "Kostic, Tomislav"]
[Result "1-0"]
[WhiteElo "1976"]
[BlackElo "2046"]
[PlyCount "87"]
[EventDate "2017.09.08"]

1. e4 c5 2. Nc3 e6 3. g3 Nc6 4. Bg2 g6 5. f4 d6 6. Nf3 Bg7 7. d3 Nge7 8. O-O
O-O 9. Be3 Nd4 10. e5 Nef5 11. Bf2 Nxf3+ 12. Qxf3 Nd4 13. Qd1 dxe5 14. fxe5
Bxe5 15. Ne4 Rb8 16. c3 Nf5 17. Bxc5 b6 18. Bxf8 Ne3 19. Qf3 Nxf1 20. Bh6 Nxh2
21. Qe2 Bxg3 22. Nxg3 Qh4 23. Qe5 Qxh6 24. Qxb8 Ng4 25. Nf1 Qh4 26. Qg3 Qg5 27.
Nh2 h5 28. Re1 f5 29. Nxg4 f4 30. Nh6+ Qxh6 31. Qf3 g5 32. Qa8 Qf8 33. Re5 g4
34. Rg5+ Kf7 35. Rxh5 Kg6 36. Re5 Qd6 37. Qe4+ Kg7 38. Rg5+ Kf8 39. Rxg4 e5 40.
Rg5 Bb7 41. Qxb7 Qxd3 42. Qg7+ Ke8 43. Bc6+ Kd8 44. Qd7+ 1-0

[Event "DRUGA LIGA CENTRALNE SRBIJE - ISTOK 2017"]
[Site "Srebrno jezero"]
[Date "2017.09.08"]
[Round "1.5"]
[White "Kostic, Marko"]
[Black "Mijajlovic, Jovan"]
[Result "0-1"]
[WhiteElo "1977"]
[BlackElo "1891"]
[PlyCount "61"]
[EventDate "2017.09.08"]

1. d4 Nf6 2. Bf4 e6 3. e3 d5 4. Nf3 c5 5. c3 Nc6 6. Nbd2 Be7 7. h3 O-O 8. Bd3
Re8 9. O-O Nd7 10. Re1 f5 11. g4 c4 12. Bc2 e5 13. Nxe5 Ndxe5 14. dxe5 fxg4 15.
hxg4 Bh4 16. Qb1 Nxe5 17. Bxh7+ Kh8 18. Bg6 Nxg4 19. Bxe8 Bxf2+ 20. Kg2 Bxe1
21. Qxe1 Qxe8 22. Qh4+ Kg8 23. Qg5 a5 24. Qxd5+ Be6 25. Qe4 Rd8 26. Nf3 Nf6 27.
Qc2 Bd5 28. Rf1 Qh5 29. Qf2 Be4 30. Qe2 Qh4 31. Kg1 0-1

[Event "DRUGA LIGA CENTRALNE SRBIJE - ISTOK 2017"]
[Site "Srebrno jezero"]
[Date "2017.09.08"]
[Round "1.5"]
[White "Kandjolas, Konstantin"]
[Black "Savic, Natasa"]
[Result "1-0"]
[WhiteElo "1869"]
[BlackElo "1338"]
[PlyCount "81"]
[EventDate "2017.09.08"]

1. d4 Nf6 2. Bf4 g6 3. e3 Bg7 4. Be2 d6 5. h3 O-O 6. Nf3 c5 7. c3 Re8 8. O-O
Nbd7 9. Bh2 a6 10. Nbd2 b5 11. Ng5 Bb7 12. Bf3 Qb6 13. Qb3 c4 14. Nxc4 bxc4 15.
Qxb6 Nxb6 16. Bxb7 Ra7 17. Bf3 h6 18. Ne4 Nxe4 19. Bxe4 d5 20. Bc2 Rb7 21. e4
e6 22. Rfe1 Nc8 23. b3 cxb3 24. axb3 dxe4 25. Rxe4 Ra7 26. Ra5 Nb6 27. Bd3 Rea8
28. Re1 Nd5 29. Be4 Rc8 30. c4 Nc3 31. d5 Nxe4 32. Rxe4 exd5 33. Rxd5 a5 34.
Be5 Bxe5 35. Rdxe5 Rcc7 36. c5 Rab7 37. Re3 Rb5 38. c6 Rxe5 39. Rxe5 Rxc6 40.
Rxa5 Rb6 41. Ra3 1-0

[Event "DRUGA LIGA CENTRALNE SRBIJE - ISTOK 2017"]
[Site "Srebrno jezero"]
[Date "2017.09.08"]
[Round "1.6"]
[White "Vlahovic, Bogdan"]
[Black "Radosavljevic, Slobodan D"]
[Result "1/2-1/2"]
[WhiteElo "2307"]
[BlackElo "2253"]
[PlyCount "67"]
[EventDate "2017.09.08"]

1. Nf3 Nf6 2. b3 g6 3. Bb2 Bg7 4. g3 c5 5. Bg2 O-O 6. O-O d5 7. e3 Nc6 8. d3
Qc7 9. Nbd2 e5 10. e4 dxe4 11. dxe4 Rd8 12. Qb1 Bg4 13. Re1 Bh6 14. Nc4 Bxf3
15. Bxf3 b5 16. Ne3 Nd4 17. Bg2 Bxe3 18. Rxe3 Ng4 19. Re1 c4 20. c3 Ne6 21. Rd1
Nc5 22. Bf3 h5 23. h3 Nf6 24. bxc4 bxc4 25. Rxd8+ Rxd8 26. Bc1 Rd3 27. Be2
Nfxe4 28. Bxd3 cxd3 29. Be3 Nxc3 30. Qb4 N5e4 31. Kh2 d2 32. Bh6 Kh7 33. Qf8 f5
34. Be3 1/2-1/2

[Event "DRUGA LIGA CENTRALNE SRBIJE - ISTOK 2017"]
[Site "Srebrno jezero"]
[Date "2017.09.08"]
[Round "1.6"]
[White "Spasojevic, Zoran M"]
[Black "Zivkovic, Nemanja"]
[Result "0-1"]
[WhiteElo "2226"]
[BlackElo "2282"]
[PlyCount "110"]
[EventDate "2017.09.08"]

1. c4 Nf6 2. Nc3 c5 3. Nf3 b6 4. e3 e6 5. Be2 Bb7 6. O-O Be7 7. d4 cxd4 8. exd4
d5 9. cxd5 Nxd5 10. Bb5+ Bc6 11. Qa4 Bxb5 12. Qxb5+ Qd7 13. Nxd5 exd5 14. Qxd7+
Kxd7 15. Ne5+ Ke8 16. Re1 f6 17. Nd3 Kf7 18. Be3 Nc6 19. Rac1 Rac8 20. Nf4 Bb4
21. Red1 Rhd8 22. h4 Ne7 23. g4 Bd6 24. h5 Bxf4 25. Bxf4 Rc4 26. b3 Rc6 27. Kf1
Rdc8 28. Ke2 Rc2+ 29. Rxc2 Rxc2+ 30. Rd2 Rc1 31. Rd1 Rxd1 32. Kxd1 f5 33. f3 g6
34. hxg6+ Kxg6 35. Ke2 fxg4 36. fxg4 h5 37. Bd6 Nc6 38. gxh5+ Kxh5 39. Ke3 Kg4
40. b4 b5 41. a3 a6 42. Bc5 Nd8 43. Bd6 Ne6 44. Be5 Ng5 45. Bc7 Ne4 46. Kd3 Kf3
47. Be5 Nf2+ 48. Kc3 Ke3 49. Bg7 Nd1+ 50. Kc2 Ke2 51. Bh6 Ne3+ 52. Kc3 Nc4 53.
Kb3 Kd3 54. Bg7 Nd2+ 55. Kb2 Nf3 0-1

[Event "DRUGA LIGA CENTRALNE SRBIJE - ISTOK 2017"]
[Site "Srebrno jezero"]
[Date "2017.09.08"]
[Round "1.6"]
[White "Stankovic, Ivan G"]
[Black "Popovic, Djordje D"]
[Result "0-1"]
[WhiteElo "2294"]
[BlackElo "2247"]
[PlyCount "72"]
[EventDate "2017.09.08"]

1. e4 c5 2. c4 Nc6 3. Nc3 g6 4. g3 Bg7 5. Bg2 d6 6. Nge2 e6 7. d3 Nge7 8. Be3
Nd4 9. Rb1 Nxe2 10. Qxe2 Nc6 11. O-O O-O 12. Qd2 Rb8 13. a3 a5 14. Nb5 Nd4 15.
Nxd4 cxd4 16. Bg5 f6 17. Bh6 e5 18. Bxg7 Kxg7 19. b4 Ra8 20. Rfc1 axb4 21. axb4
b6 22. Ra1 Be6 23. f4 Rf7 24. f5 Bd7 25. Rxa8 Qxa8 26. Bh3 gxf5 27. exf5 Bc6
28. b5 Bf3 29. Bg2 Ra7 30. Rf1 Ra1 31. Qf2 Bxg2 32. Qxg2 Qxg2+ 33. Kxg2 Rxf1
34. Kxf1 Kh6 35. g4 Kg5 36. h3 h5 0-1

[Event "DRUGA LIGA CENTRALNE SRBIJE - ISTOK 2017"]
[Site "Srebrno jezero"]
[Date "2017.09.08"]
[Round "1.6"]
[White "Dimitrijevic, Srdjan"]
[Black "Blagojevic, Vladan"]
[Result "1/2-1/2"]
[WhiteElo "2259"]
[BlackElo "2065"]
[PlyCount "58"]
[EventDate "2017.09.08"]

1. d4 Nf6 2. c4 c6 3. Nf3 g6 4. Nc3 d5 5. e3 Bg7 6. Be2 O-O 7. O-O Nbd7 8. Bd2
h6 9. Rc1 e6 10. Qc2 Qe7 11. Rfd1 Kh7 12. a3 dxc4 13. Bxc4 e5 14. Be1 exd4 15.
Nxd4 Ne5 16. Be2 Bg4 17. h3 Bxe2 18. Ncxe2 Ned7 19. Bb4 c5 20. Bxc5 Nxc5 21.
Qxc5 Qe4 22. Nc3 Qe8 23. Qc7 Rc8 24. Qa5 a6 25. Nce2 Ne4 26. Rxc8 Qxc8 27. Qd5
Nf6 28. Qb3 b5 29. Rc1 Qd7 1/2-1/2

[Event "DRUGA LIGA CENTRALNE SRBIJE - ISTOK 2017"]
[Site "Srebrno jezero"]
[Date "2017.09.08"]
[Round "1.6"]
[White "Petrovic, Grade"]
[Black "Radisavljevic, Dalibor"]
[Result "0-1"]
[WhiteElo "2061"]
[BlackElo "1871"]
[PlyCount "110"]
[EventDate "2017.09.08"]

1. d4 c5 2. c3 Nf6 3. Nf3 g6 4. g3 Bg7 5. Bg2 O-O 6. O-O d5 7. Ne5 Nc6 8. Nxc6
bxc6 9. Qa4 Qb6 10. dxc5 Qxc5 11. Nd2 Qb5 12. Qxb5 cxb5 13. e4 Bb7 14. Re1 dxe4
15. Nxe4 Bxe4 16. Bxe4 Nxe4 17. Rxe4 e5 18. a4 Rfb8 19. Rb4 bxa4 20. Raxa4 Rxb4
21. Rxb4 Bf8 22. Rb5 f6 23. Kg2 a5 24. g4 h6 25. h4 Kf7 26. g5 hxg5 27. hxg5
Be7 28. Kf3 Ke6 29. Rb6+ Kf5 30. gxf6 Bxf6 31. Rb5 g5 32. Be3 a4 33. Bc5 g4+
34. Kg3 Bg5 35. Kg2 Bf4 36. Rb4 Bc1 37. Rb5 Bf4 38. Bd6 Rd8 39. Rb6 Rh8 40. Rb4
Rd8 41. Rb6 Ke4 42. Ra6 Rh8 43. Rxa4+ Kd3 44. c4 Ke2 45. b4 Rh2+ 46. Kg1 Rh3
47. Bc5 e4 48. b5 g3 49. b6 gxf2+ 50. Bxf2 e3 51. Ra2+ Kd1 52. Ra1+ Kd2 53.
Be1+ Ke2 54. c5 Kf3 55. Ra4 Bh2+ 0-1

[Event "DRUGA LIGA CENTRALNE SRBIJE - ISTOK 2017"]
[Site "Srebrno jezero"]
[Date "2017.09.09"]
[Round "2.4"]
[White "Madjar, Stanislav"]
[Black "Blagojevic, Vladan"]
[Result "1/2-1/2"]
[WhiteElo "2176"]
[BlackElo "2065"]
[PlyCount "26"]
[EventDate "2017.09.08"]

1. c4 c5 2. g3 Nf6 3. Bg2 g6 4. Nf3 Bg7 5. O-O O-O 6. d4 cxd4 7. Nxd4 Nc6 8.
Nc2 d6 9. Nc3 Bf5 10. Ne3 Be6 11. Bd2 Qd7 12. Re1 Bh3 13. Bh1 Ng4 1/2-1/2

[Event "DRUGA LIGA CENTRALNE SRBIJE - ISTOK 2017"]
[Site "Srebrno jezero"]
[Date "2017.09.08"]
[Round "1.1"]
[White "Djukic, Zeljko"]
[Black "Popchev, Milko"]
[Result "0-1"]
[WhiteElo "2320"]
[BlackElo "2301"]
[PlyCount "86"]
[EventDate "2017.09.08"]

1. d4 d6 2. e4 e5 3. dxe5 dxe5 4. Qxd8+ Kxd8 5. Bc4 f6 6. Be3 Nd7 7. Nc3 c6 8.
a4 Bc5 9. Nd1 Ke7 10. f3 Bxe3 11. Nxe3 Nh6 12. Ne2 a5 13. O-O-O Nb6 14. Bb3 Be6
15. Rd3 Rhd8 16. Rxd8 Rxd8 17. Bxe6 Kxe6 18. b3 Nf7 19. h4 Nd6 20. g4 g6 21. h5
Nd7 22. hxg6 hxg6 23. Rh7 Nf8 24. Rg7 Rd7 25. Rxd7 Kxd7 26. Kd2 Ne6 27. Nd1 Nf7
28. Ke3 Kd6 29. Nb2 b6 30. Nc4+ Kc5 31. f4 g5 32. fxg5 Nfxg5 33. c3 Nf7 34. Nc1
Nf4 35. Nd3+ Nxd3 36. Kxd3 Nh6 37. g5 fxg5 38. Nxe5 g4 39. Ke3 Kd6 40. Nd3 Nf7
41. Kd4 Ke6 42. b4 axb4 43. cxb4 Kd6 0-1

[Event "DRUGA LIGA CENTRALNE SRBIJE - ISTOK 2017"]
[Site "Srebrno jezero"]
[Date "2017.09.08"]
[Round "1.1"]
[White "Stoimenov, Roki"]
[Black "Todorovic, Nenad I**"]
[Result "0-1"]
[WhiteElo "2016"]
[BlackElo "2262"]
[PlyCount "74"]
[EventDate "2017.09.08"]

1. Nf3 c5 2. g3 Nc6 3. Bg2 g6 4. O-O Bg7 5. e4 d6 6. d3 e5 7. Ne1 Nge7 8. f4
O-O 9. c3 Be6 10. Nd2 Qd7 11. Ndf3 d5 12. Qe2 dxe4 13. dxe4 Rad8 14. Be3 b6 15.
Nh4 Na5 16. Rf2 f5 17. fxe5 Bxe5 18. Nef3 Bg7 19. Nd2 fxe4 20. Rxf8+ Rxf8 21.
Bxe4 Nd5 22. Bg5 Nf6 23. Bc2 Ng4 24. Nhf3 Re8 25. a3 Bc4 26. Qd1 Be2 27. Qc1
Qd5 28. Bd1 Nc4 29. h3 Nf6 30. Bxf6 Bxf6 31. Kf2 Nxd2 32. Nxd2 Qf7 33. Kg2 Qd5+
34. Kh2 Bxd1 35. Qxd1 Qd3 36. Qb3+ Kg7 37. Nf1 Re2+ 0-1

[Event "DRUGA LIGA CENTRALNE SRBIJE - ISTOK 2017"]
[Site "Srebrno jezero"]
[Date "2017.09.08"]
[Round "1.1"]
[White "Grkovic, Vladan"]
[Black "Igic, Vladan"]
[Result "1-0"]
[WhiteElo "2213"]
[BlackElo "1989"]
[PlyCount "63"]
[EventDate "2017.09.08"]

1. d4 b6 2. c4 Bb7 3. Nc3 Nf6 4. Qc2 d5 5. cxd5 Nxd5 6. e4 Nxc3 7. bxc3 e6 8.
Nf3 Be7 9. Be2 O-O 10. O-O c5 11. Rd1 Qc7 12. d5 exd5 13. exd5 Nd7 14. d6 Bxd6
15. Qd3 Bxh2+ 16. Nxh2 Rad8 17. Qh3 Ne5 18. Bf4 Qe7 19. Qe3 Ng6 20. Qxe7 Nxe7
21. Bd6 Nd5 22. Bxf8 Rxf8 23. Rac1 Nf4 24. Bf1 Bc6 25. Ng4 g6 26. g3 Ne6 27.
Bg2 Bxg2 28. Kxg2 Kg7 29. Rd7 h5 30. Nf6 Kxf6 31. Re1 a5 32. Rb7 1-0

[Event "DRUGA LIGA CENTRALNE SRBIJE - ISTOK 2017"]
[Site "Srebrno jezero"]
[Date "2017.09.08"]
[Round "1.1"]
[White "Djordjevic, Lazar**"]
[Black "Djordjevic, Danilo**"]
[Result "0-1"]
[WhiteElo "1833"]
[BlackElo "2125"]
[PlyCount "96"]
[EventDate "2017.09.08"]

1. e4 d5 2. exd5 Nf6 3. d4 Bg4 4. Nf3 Qxd5 5. Be2 e6 6. O-O Nc6 7. c3 O-O-O 8.
Nbd2 Be7 9. Ne5 Nxe5 10. dxe5 Ne4 11. Bxg4 Nxd2 12. Bxd2 Qxd2 13. Qf3 Rdf8 14.
Rfd1 Qg5 15. Qe4 Rd8 16. Bf3 c6 17. b4 Rxd1+ 18. Rxd1 Rd8 19. g3 Rxd1+ 20. Bxd1
Qd2 21. Qf3 f5 22. exf6 Bxf6 23. Bb3 Qxc3 24. Bxe6+ Kc7 25. Qf4+ Qe5 26. Qc4 b5
27. Qg4 h5 28. Qf5 Qe1+ 29. Kg2 Qxb4 30. Bf7 h4 31. Be8 Kb6 32. Qc8 Qd6 33. Bh5
Qd8 34. Qxd8+ Bxd8 35. Kf3 hxg3 36. hxg3 c5 37. Ke4 Ka5 38. Kd3 Kb4 39. Kc2 c4
40. Be8 Kc5 41. Bd7 a5 42. g4 g5 43. f3 Bf6 44. Kd2 a4 45. Kc2 a3 46. Kb1 b4
47. Be6 Kd4 48. Bf7 Kc3 0-1

[Event "DRUGA LIGA CENTRALNE SRBIJE - ISTOK 2017"]
[Site "Srebrno jezero"]
[Date "2017.09.08"]
[Round "1.2"]
[White "Radivojevic, Milan Z"]
[Black "Trickovic, Borivoje"]
[Result "0-1"]
[WhiteElo "2083"]
[BlackElo "2227"]
[PlyCount "56"]
[EventDate "2017.09.08"]

1. c4 d6 2. Nc3 e5 3. g3 c6 4. Bg2 Be6 5. d3 Be7 6. Nf3 Nd7 7. O-O g5 8. Nd2 h5
9. f4 gxf4 10. gxf4 exf4 11. Nf3 h4 12. Nd4 Qb6 13. e3 fxe3 14. Bxe3 h3 15. Be4
Ngf6 16. Nf5 Rg8+ 17. Kh1 Qxb2 18. Na4 Qg2+ 19. Bxg2 hxg2+ 20. Kg1 gxf1=Q+ 21.
Kxf1 Bxf5 22. Bf4 Bh3+ 23. Kf2 Rg2+ 24. Kf3 Ne5+ 25. Bxe5 dxe5 26. Rb1 Rd8 27.
Nc3 Rd4 28. Ne2 Rxe2 0-1

[Event "DRUGA LIGA CENTRALNE SRBIJE - ISTOK 2017"]
[Site "Srebrno jezero"]
[Date "2017.09.08"]
[Round "1.2"]
[White "Petrov, Georgi"]
[Black "Zivic, Jovan"]
[Result "1-0"]
[WhiteElo "2227"]
[BlackElo "2090"]
[PlyCount "68"]
[EventDate "2017.09.08"]

1. c4 e6 2. Nc3 d5 3. e3 Nf6 4. Nf3 Be7 5. Be2 O-O 6. O-O c5 7. cxd5 exd5 8. d4
Nc6 9. dxc5 Bxc5 10. b3 Re8 11. Bb2 a6 12. Rc1 Ba7 13. Rc2 Be6 14. Rd2 h6 15.
Qa1 b5 16. Rfd1 Rc8 17. Nb1 Nb4 18. Bxf6 Qxf6 19. Qxf6 gxf6 20. a4 bxa4 21.
bxa4 Bd7 22. a5 Ba4 23. Rf1 Rc5 24. Rd4 Rb8 25. Bxa6 Rxa5 26. Rg4+ Kh7 27. Be2
Bd7 28. Rf4 Kg7 29. Nbd2 Nc2 30. Kh1 Rb2 31. Nh4 Bb8 32. Nf5+ Kf8 33. Rf3 Nxe3
34. Nxe3 Rxd2 1-0